000 00875nam2a2200205 4500
001 RU\NLR\PER_A\002426972_000090
005 20250626064425.0
035 _a(NLR Aleph) 011432377
090 _a11659161
_c11659161
100 _a20170705d1990 |||y0rusy50 ca
101 0 _arus
102 _aRU
200 0 _a1990
210 _d1990
_aБ. м.
461 0 _1001RU\NLR\INFOCOMM18\5000177610
_12001#$aШекспировские чтения$fАН СССР. Науч. совет по истории мировой культуры. Шекспировская комис.$v1990
_91957846
_cМ.
_d1977-
_fАН СССР. Науч. совет по истории мировой культуры. Шекспировская комис.
_n"Наука"
_tШекспировские чтения
_v1990
852 _aNLR
_jП34/739
942 _cISSUE
980 _aNB
980 _aRUSPER